[Event "4NCL Online Division 3"]
[Site "online"]
[Date "2021.04.06"]
[EventDate "2021.04.06"]
[Round "6.32"]
[White "Narang, Vishal"]
[WhiteElo "1508"]
[WhiteTeam "Phones Pals"]
[Black "Tomlinson, Zak"]
[BlackElo "1803"]
[BlackTeam "Chessmates"]
[Result "1-0"]
[PlyCount "67"]

1. e4 e5 2. Nf3 Nc6 3. d4 exd4 4. Bc4 Nf6 5. e5 d5 6. Bb5 Bb4+ 7. c3 dxc3 8. bxc3 Qe7 9. O-O Nd7 10. cxb4 O-O 11. Bxc6 bxc6 12. a3 Nxe5 13. Bb2 Nxf3+ 14. Qxf3 Qg5 15. Qg3 Qxg3 16. fxg3 Bd7 17. Nd2 Rfe8 18. Rfe1 a5 19. Nf3 f6 20. Bd4 Re4 21. Rxe4 dxe4 22. Nd2 axb4 23. axb4 Rd8 24. Bc5 Bf5 25. Nb3 e3 26. Nd4 Be4 27. Re1 Ra8 28. Rxe3 Ra1+ 29. Kf2 Ra2+ 30. Re2 Rxe2+ 31. Nxe2 Kf7 32. g4 Ke6 33. g3 g6 34. Ke3 1-0

[Event "4NCL Online Division 3"]
[Site "online"]
[Date "2021.04.06"]
[EventDate "2021.04.06"]
[Round "6.33"]
[White "Catt, Peter"]
[WhiteElo "1770"]
[WhiteTeam "Chessmates"]
[Black "New, David"]
[BlackElo "1193"]
[BlackTeam "Phones Pals"]
[Result "1-0"]
[PlyCount "63"]

1. e4 c6 2. d4 d5 3. e5 Bf5 4. Nc3 e6 5. g4 Bg6 6. Nge2 c5 7. h4 h6 8. Be3 cxd4 9. Nxd4 Nc6 10. f4 Bb4 11. f5 exf5 12. gxf5 Bh7 13. Nxc6 bxc6 14. Qg4 Bxc3+ 15. bxc3 g6 16. f6 Qd7 17. Qxd7+ Kxd7 18. Bh3+ Kc7 19. Kd2 Re8 20. Rab1 g5 21. Bxa7 gxh4 22. Rb2 Nxf6 23. Bb6+ Kb7 24. exf6 Re4 25. Rhb1 Rhe8 26. Bd8+ Ka6 27. Bf1+ Rc4 28. Bxc4+ dxc4 29. Rb6+ Ka5 30. Rb8+ Rxd8+ 31. Rxd8 h3 32. Ra8# 1-0

[Event "4NCL Online Division 3"]
[Site "online"]
[Date "2021.04.06"]
[EventDate "2021.04.06"]
[Round "6.34"]
[White "Munshi, Aryan"]
[WhiteElo "1148"]
[WhiteTeam "Phones Pals"]
[Black "Duffell, Andrew"]
[BlackElo "1613"]
[BlackTeam "Chessmates"]
[Result "1-0"]
[PlyCount "91"]

1. d4 Nf6 2. c4 g6 3. Nc3 d5 4. cxd5 Nxd5 5. e4 Nxc3 6. bxc3 Bg7 7. Be3 c5 8. Nf3 Nc6 9. Bb5 Qa5 10. Bxc6+ bxc6 11. Qd2 Ba6 12. Ng5 O-O 13. f3 Rad8 14. Rd1 cxd4 15. cxd4 Qxd2+ 16. Rxd2 c5 17. e5 c4 18. Kf2 Rc8 19. Rc1 Rfd8 20. Ne4 h5 21. Nc5 Bb5 22. a4 Bc6 23. Rxc4 Bd5 24. Rc3 e6 25. Rdc2 f6 26. Nd3 Rxc3 27. Rxc3 fxe5 28. Nxe5 Kh7 29. Bg5 Bxe5 30. dxe5 Rd7 31. Bf6 Kh6 32. Rc8 Rh7 33. h4 g5 34. hxg5+ Kg6 35. Rg8+ Kf7 36. Rd8 Kg6 37. a5 h4 38. Re8 h3 39. gxh3 Rxh3 40. Rg8+ Kf7 41. Rg7+ Kf8 42. Rxa7 Rxf3+ 43. Ke2 Rg3 44. a6 Bc4+ 45. Kf2 Rf3+ 46. Kxf3 1-0

[Event "4NCL Online Division 3"]
[Site "online"]
[Date "2021.04.06"]
[EventDate "2021.04.06"]
[Round "6.41"]
[White "George, Ian M"]
[WhiteElo "1904"]
[WhiteTeam "Camborne Trevithick"]
[Black "Singh, Amrik J"]
[BlackElo "1936"]
[BlackTeam "Warley Mighty Quins"]
[Result "0-1"]
[PlyCount "40"]

1. d4 g6 2. Nf3 Bg7 3. Bf4 d6 4. e3 Nd7 5. c3 e6 6. Be2 Ne7 7. O-O O-O 8. e4 b6 9. Re1 Bb7 10. Bf1 h6 11. Nbd2 Kh7 12. Qb3 Nc6 13. Bb5 a6 14. Bxc6 Bxc6 15. d5 Nc5 16. Qc2 exd5 17. exd5 Bxd5 18. c4 Be6 19. Nf1 Bf5 20. Qd2 Nd3 0-1

[Event "4NCL Online Division 3"]
[Site "online"]
[Date "2021.04.06"]
[EventDate "2021.04.06"]
[Round "6.42"]
[White "Williams, Philip J"]
[WhiteElo "1844"]
[WhiteTeam "Camborne Trevithick"]
[Black "Emery, Ian"]
[BlackElo "1825"]
[BlackTeam "Warley Mighty Quins"]
[Result "0-1"]
[PlyCount "128"]

1. c4 Nf6 2. Nc3 c6 3. d4 d5 4. cxd5 cxd5 5. Nf3 Nc6 6. Bf4 Bf5 7. Qb3 Qb6 8. Qxb6 axb6 9. Rc1 e6 10. e3 Be7 11. a3 O-O 12. Ne5 Rfc8 13. Be2 Na5 14. Bd1 Ne4 15. Nd7 Bxa3 16. Nxb6 Bxb2 17. Nxa8 Bxc3+ 18. Rxc3 Nxc3 19. Nb6 Rc6 20. Nd7 b5 21. O-O b4 22. Nc5 Nxd1 23. Rxd1 b3 24. e4 Bxe4 25. Nxe4 dxe4 26. Rb1 Rb6 27. Kf1 Rb5 28. Ke2 f5 29. Bd2 Nc4 30. Bc3 Kf7 31. g3 g5 32. h3 h5 33. h4 gxh4 34. gxh4 Ke8 35. f3 exf3+ 36. Kxf3 Nb6 37. Bb2 Nd5 38. Rg1 Ra5 39. Rg8+ Kd7 40. Rb8 Ra2 41. Rxb3 Kc6 42. Rb8 Nf6 43. Rb3 Kd5 44. Rb6 Ne4 45. Rb4 Nd2+ 46. Kf4 Nc4 47. Bc3 Rg2 48. Rb5+ Kc6 49. Rc5+ Kd6 50. Rxc4 Rg4+ 51. Kf3 Rxh4 52. Bb4+ Kd5 53. Rc8 Rxd4 54. Rd8+ Kc4 55. Rxd4+ Kxd4 56. Kf4 h4 57. Be1 h3 58. Bf2+ Kd3 59. Bg3 Ke2 60. Ke5 Kf3 61. Bh2 Kg2 62. Bf4 h2 63. Bxh2 Kxh2 64. Kf4 Kh3 0-1

[Event "4NCL Online Division 3"]
[Site "online"]
[Date "2021.04.06"]
[EventDate "2021.04.06"]
[Round "6.43"]
[White "Maybury, Philip C"]
[WhiteElo "1805"]
[WhiteTeam "Warley Mighty Quins"]
[Black "Morgan, Jamie"]
[BlackElo "1864"]
[BlackTeam "Camborne Trevithick"]
[Result "1-0"]
[PlyCount "97"]

1. Nf3 c5 2. c4 Nc6 3. g3 g6 4. Bg2 Bg7 5. O-O a6 6. e3 e6 7. d4 cxd4 8. exd4 d5 9. cxd5 exd5 10. Re1+ Nge7 11. Nc3 O-O 12. Be3 Bg4 13. h3 Be6 14. Bg5 Qa5 15. g4 h6 16. Bh4 g5 17. Bg3 Ng6 18. a3 b5 19. Rc1 Rac8 20. Qd3 Rfe8 21. Ne2 Qd8 22. b4 Qf6 23. Rc3 Nce7 24. Rc5 Rxc5 25. dxc5 Nc6 26. Rd1 Nce5 27. Bxe5 Nxe5 28. Nxe5 Qxe5 29. Nd4 Qxd4 30. Qxd4 Bxd4 31. Rxd4 Kg7 32. f4 gxf4 33. Rxf4 Rd8 34. Rd4 Kf6 35. Kf2 Ke5 36. Ke3 f5 37. gxf5 Kxf5 38. Rh4 Kg5 39. Rd4 Kf6 40. Rf4+ Ke5 41. Rh4 d4+ 42. Kd2 Rf8 43. Re4+ Kf6 44. Rf4+ Ke7 45. Rxf8 Kxf8 46. Kd3 Ke7 47. Kxd4 Bc8 48. Ke5 Kf7 49. Kd6 1-0

[Event "4NCL Online Division 3"]
[Site "online"]
[Date "2021.04.06"]
[EventDate "2021.04.06"]
[Round "6.44"]
[White "Healey, Grant"]
[WhiteElo "1872"]
[WhiteTeam "Camborne Trevithick"]
[Black "Moxley, Stephen"]
[BlackElo "1719"]
[BlackTeam "Warley Mighty Quins"]
[Result "1-0"]
[PlyCount "135"]

1. g3 f5 2. Bg2 g6 3. Nh3 Bg7 4. O-O c6 5. c3 e5 6. d3 Nf6 7. f4 Ng4 8. e4 O-O 9. exf5 gxf5 10. fxe5 Bxe5 11. d4 d5 12. dxe5 Qb6+ 13. Kh1 Nxe5 14. Qc2 Nc4 15. Qe2 Na6 16. b3 Nd6 17. Be3 Qc7 18. Bh6 Rf7 19. Qh5 Ne4 20. Bxe4 dxe4 21. Ng5 Re7 22. Nxh7 Be6 23. Nf6+ Kh8 24. Bf4+ Rh7 25. Nxh7 Qxh7 26. Be5+ Kg8 27. Qg5+ Kf7 28. Bd6 Re8 29. Nd2 e3 30. Ne4 Bd5 31. Rxf5+ Ke6 32. Rf6+ Kd7 33. Qg4+ Kd8 34. Rf4 Bxe4+ 35. Kg1 Bd5 36. c4 Be6 37. Qg5+ Kd7 38. Ba3 Qc2 39. Rd4+ Kc8 40. Qxe3 Nc7 41. Qd2 Qh7 42. Rd1 b6 43. Re1 c5 44. Rde4 Qg6 45. Qf2 Bf5 46. Rxe8+ Nxe8 47. Rxe8+ Qxe8 48. Qxf5+ Kb7 49. Qf2 Qg6 50. Kg2 Qe4+ 51. Kh3 Qh7+ 52. Kg4 Qg6+ 53. Kf3 Qc6+ 54. Ke2 Qe4+ 55. Kf1 Qh1+ 56. Ke2 Qe4+ 57. Kd2 Qb1 58. Kc3 Qg6 59. Qf3+ Ka6 60. b4 Qg7+ 61. Kb3 cxb4 62. Bxb4 Qa1 63. Bc3 Qb1+ 64. Bb2 Qg6 65. h4 Qg8 66. h5 b5 67. Qf6+ Ka5 68. Bc3+ 1-0

[Event "4NCL Online Division 3"]
[Site "online"]
[Date "2021.04.06"]
[EventDate "2021.04.06"]
[Round "6.51"]
[White "Williams, Stephen M"]
[WhiteElo "1843"]
[WhiteTeam "Downend 2"]
[Black "Jenkins, John"]
[BlackElo "2061"]
[BlackTeam "Stroud Oldies"]
[Result "0-1"]
[PlyCount "92"]

1. d4 Nf6 2. Nf3 g6 3. Bf4 Bg7 4. Nc3 O-O 5. e4 d6 6. h3 b6 7. e5 Ne8 8. Bc4 e6 9. Bg5 f6 10. exf6 Bxf6 11. Ne4 Bxg5 12. Nexg5 Ng7 13. d5 e5 14. Qe2 Qe7 15. O-O-O a6 16. h4 Nd7 17. h5 gxh5 18. Nxh7 Kxh7 19. g4 Nf6 20. gxh5 Nfxh5 21. Rdg1 Qf6 22. Ng5+ Kg8 23. Ne6 Bxe6 24. dxe6 Qf4+ 25. Kb1 Rf5 26. e7+ Kh7 27. Bd3 Rh8 28. Bxf5+ Qxf5 29. Rg4 Re8 30. Rxg7+ Kxg7 31. Rxh5 Qg6 32. Qd1 Rxe7 33. Rh1 Kf6 34. Qf3+ Ke6 35. Qb3+ Kd7 36. Qa4+ c6 37. Qxa6 Ke6 38. Qxb6 Qg2 39. Rh6+ Kf5 40. Qe3 Qg1+ 41. Qc1 Qxf2 42. a3 Qf4 43. Qxf4+ exf4 44. Rxd6 f3 45. Rd1 f2 46. Rf1 Re1+ 0-1

[Event "4NCL Online Division 3"]
[Site "online"]
[Date "2021.04.06"]
[EventDate "2021.04.06"]
[Round "6.52"]
[White "Brown, Graham K"]
[WhiteElo "1723"]
[WhiteTeam "Stroud Oldies"]
[Black "Pickup, Ian R"]
[BlackElo "1790"]
[BlackTeam "Downend 2"]
[Result "0-1"]
[PlyCount "46"]

1. h3 c5 2. c4 g6 3. Nf3 Bg7 4. Nc3 Nf6 5. e3 O-O 6. d4 cxd4 7. Nxd4 d5 8. Bd2 e5 9. Nf3 d4 10. exd4 exd4 11. Nd5 Re8+ 12. Qe2 Rxe2+ 13. Bxe2 Nxd5 14. cxd5 Qxd5 15. O-O d3 16. Bd1 Nc6 17. Bb3 Qf5 18. Rfe1 Be6 19. Ba4 Nd4 20. Nh4 Qh5 21. Re4 Bd5 22. Rg4 f5 23. Rf4 Ne2+ 0-1

[Event "4NCL Online Division 3"]
[Site "online"]
[Date "2021.04.06"]
[EventDate "2021.04.06"]
[Round "6.53"]
[White "Benkhoucha, Samy"]
[WhiteElo "1574"]
[WhiteTeam "Downend 2"]
[Black "Walker, Adrian"]
[BlackElo "1741"]
[BlackTeam "Stroud Oldies"]
[Result "0-1"]
[PlyCount "70"]

1. c4 e5 2. Nc3 Nf6 3. g3 d5 4. cxd5 c6 5. dxc6 Nxc6 6. Bg2 Bc5 7. Nf3 O-O 8. O-O Qe7 9. d3 h6 10. Bd2 Bf5 11. Rc1 Rac8 12. Qa4 Rfd8 13. a3 a6 14. b4 Ba7 15. Qb3 Be6 16. Qb2 Nd5 17. Nxd5 Bxd5 18. e4 Be6 19. Nxe5 Nxe5 20. Qxe5 Bb8 21. Qb2 Rxd3 22. Rxc8+ Bxc8 23. Rc1 Be6 24. Be3 Rb3 25. Qa1 a5 26. Bd4 f6 27. e5 f5 28. Bc5 Qf7 29. Bd6 Ba7 30. Rc7 Qh5 31. Rxb7 Rd3 32. Bf1 Bxf2+ 33. Kxf2 Qf3+ 34. Kg1 Bd5 35. Rb8+ Kh7 0-1

[Event "4NCL Online Division 3"]
[Site "online"]
[Date "2021.04.06"]
[EventDate "2021.04.06"]
[Round "6.54"]
[White "Reekie-Black, Matthew"]
[WhiteElo "1619"]
[WhiteTeam "Stroud Oldies"]
[Black "Walsh, Shaun"]
[BlackElo "1366"]
[BlackTeam "Downend 2"]
[Result "1-0"]
[PlyCount "115"]

1. e4 e6 2. Nc3 d5 3. Nf3 Nf6 4. e5 Nfd7 5. d4 c5 6. Bg5 Qb6 7. dxc5 Bxc5 8. Qd2 Nc6 9. Na4 Qa5 10. Qxa5 Nxa5 11. Nxc5 Nxc5 12. b4 Ne4 13. bxa5 O-O 14. Bd3 Nxg5 15. Nxg5 a6 16. Bxh7+ Kh8 17. Bd3 Bd7 18. Rb1 Rab8 19. Rb4 Bc6 20. O-O g6 21. Re1 Kg7 22. c4 dxc4 23. Bxc4 Rfd8 24. Ne4 Bxe4 25. Rxe4 Rd1+ 26. Bf1 Rc8 27. Rbd4 Ra1 28. Rc4 Rd8 29. Red4 Rxd4 30. Rxd4 Rxa2 31. Rd7 Rxa5 32. Rxb7 Rxe5 33. Bxa6 Re1+ 34. Bf1 g5 35. g3 Kg6 36. Kg2 g4 37. Rb4 f5 38. Bd3 Kf6 39. h4 gxh3+ 40. Kxh3 Rh1+ 41. Kg2 Rd1 42. Be2 Rd2 43. Kf3 Rd6 44. g4 fxg4+ 45. Rxg4 e5 46. Ke3 Ke7 47. Bc4 Ra6 48. f3 Ra4 49. Bd3 Ra1 50. Be4 Ra3+ 51. Kf2 Ra2+ 52. Kg3 Ra1 53. Kh4 Rh1+ 54. Kg5 Kd6 55. Kf6 Rh6+ 56. Rg6 Rxg6+ 57. Kxg6 Ke7 58. Kf5 1-0

[Event "4NCL Online Division 3"]
[Site "online"]
[Date "2021.04.06"]
[EventDate "2021.04.06"]
[Round "6.61"]
[White "Sandhu, Manvith"]
[WhiteElo "1991"]
[WhiteTeam "Warwickshire Bears A"]
[Black "Kolbusz, George"]
[BlackElo "1859"]
[BlackTeam "Shropshire 3"]
[Result "1-0"]
[PlyCount "51"]

1. e4 e6 2. d4 d5 3. Bd3 c5 4. exd5 exd5 5. dxc5 Bxc5 6. Nf3 Nf6 7. O-O O-O 8. Nc3 Nc6 9. Bg5 h6 10. Bxf6 gxf6 11. Qd2 Qd6 12. Qxh6 f5 13. Qxd6 Bxd6 14. Nxd5 Be6 15. Ne3 Kg7 16. Bxf5 Rad8 17. Rad1 Be7 18. Bxe6 fxe6 19. Nc4 Rf5 20. Rfe1 Kf7 21. Rxd8 Nxd8 22. Nce5+ Kg7 23. h3 Nf7 24. Nxf7 Kxf7 25. Ne5+ Kg7 26. Ng4 1-0

[Event "4NCL Online Division 3"]
[Site "online"]
[Date "2021.04.06"]
[EventDate "2021.04.06"]
[Round "6.62"]
[White "Clark, Matthew D H"]
[WhiteElo "1833"]
[WhiteTeam "Shropshire 3"]
[Black "Chen, Daniel Xingyu"]
[BlackElo "1763"]
[BlackTeam "Warwickshire Bears A"]
[Result "1/2-1/2"]
[PlyCount "119"]

1. f4 Nf6 2. Nf3 g6 3. g3 Bg7 4. Bg2 O-O 5. O-O d5 6. d3 c5 7. Qe1 Nc6 8. e4 dxe4 9. dxe4 Nd4 10. Nxd4 Qxd4+ 11. Kh1 Be6 12. c3 Qd7 13. Be3 Rac8 14. Nd2 Bh3 15. Rd1 Bxg2+ 16. Kxg2 Qc6 17. Bg1 Rfd8 18. Rf3 Nxe4 19. Nxe4 Rxd1 20. Qxd1 Qxe4 21. Qd7 Rf8 22. Bxc5 Bf6 23. Qd3 Qc6 24. Ba3 Rc8 25. Kg1 Qb6+ 26. Qe3 Qc6 27. Rf1 Rd8 28. Re1 e6 29. Qe2 Qd5 30. Qe4 Qxe4 31. Rxe4 Rd1+ 32. Kf2 Ra1 33. Rc4 h5 34. Rc8+ Kg7 35. Rc7 Rxa2 36. Ke3 b5 37. Rxa7 b4 38. cxb4 Bxb2 39. Bxb2+ Rxb2 40. Rb7 Rxh2 41. b5 Kf8 42. b6 Rb2 43. Rb8+ Ke7 44. Kd4 Kd6 45. Rd8+ Kc6 46. Rc8+ Kb7 47. Rc7+ Kxb6 48. Rxf7 Rb3 49. Rf6 Rxg3 50. Rxe6+ Kc7 51. Ke4 Kd7 52. Ra6 Rg1 53. f5 Re1+ 54. Kf4 Rf1+ 55. Kg5 Rxf5+ 56. Kxg6 Rb5 57. Ra7+ Ke6 58. Rh7 Rb1 59. Rxh5 Rg1+ 60. Rg5 1/2-1/2

[Event "4NCL Online Division 3"]
[Site "online"]
[Date "2021.04.06"]
[EventDate "2021.04.06"]
[Round "6.64"]
[White "Smith, Mark"]
[WhiteElo "1751"]
[WhiteTeam "Shropshire 3"]
[Black "Vora, Simran"]
[BlackElo "1800"]
[BlackTeam "Warwickshire Bears A"]
[Result "0-1"]
[PlyCount "126"]

1. e4 e5 2. Nf3 Nc6 3. d4 exd4 4. Bc4 Bb4+ 5. c3 dxc3 6. bxc3 Bc5 7. Bxf7+ Kxf7 8. Qd5+ Kf8 9. Qxc5+ d6 10. Qe3 Nf6 11. O-O Kf7 12. Ng5+ Kg8 13. Nd2 Ng4 14. Qf4 Nce5 15. Ndf3 Qf6 16. Qxf6 Nxf6 17. Nxe5 dxe5 18. f3 h6 19. Nh3 Kf7 20. Nf2 b6 21. Rd1 Bb7 22. Bb2 Rhd8 23. c4 Nd7 24. Ng4 Ke6 25. Rd2 Nf6 26. Rxd8 Rxd8 27. Nxe5 Rd2 28. Bc3 Rc2 29. Bd4 c5 30. Bxc5 bxc5 31. Rb1 Kxe5 32. Rxb7 Rxc4 33. Rxa7 g5 34. a4 Rb4 35. a5 Ra4 36. a6 c4 37. Ra8 c3 38. a7 c2 39. Rc8 Ra1+ 40. Kf2 Ra2 41. a8=Q Rxa8 42. Rxc2 Nd7 43. Rd2 Nf6 44. Rb2 Kd4 45. Rd2+ Kc5 46. Rc2+ Kd4 47. Rd2+ Ke5 48. Rb2 Rd8 49. Ke2 Ne8 50. Rb5+ Ke6 51. Rb6+ Nd6 52. Rb4 Rc8 53. Rb2 Ke5 54. Rd2 Rc5 55. Ra2 Nb5 56. Ke3 Rc3+ 57. Kd2 Ra3 58. Rc2 Nd4 59. Rc5+ Kf6 60. Rd5 Ra2+ 61. Kd3 Ne6 62. e5+ Kg6 63. g4 Nf4+ 0-1

[Event "4NCL Online Division 3"]
[Site "online"]
[Date "2021.04.06"]
[EventDate "2021.04.06"]
[Round "6.71"]
[White "Williams, David"]
[WhiteElo "1896"]
[WhiteTeam "Ashfield Anonymous B"]
[Black "Tarling, Ray"]
[BlackElo "1944"]
[BlackTeam "Guildford Gatekeepers"]
[Result "1/2-1/2"]
[PlyCount "106"]

1. d4 Nf6 2. Bf4 g6 3. e3 Bg7 4. Nf3 O-O 5. Be2 d6 6. O-O c5 7. c3 Be6 8. Nbd2 Qb6 9. b3 Nd5 10. dxc5 Qxc5 11. Ne4 Qb6 12. Nd4 Nxf4 13. exf4 Nc6 14. Nxe6 fxe6 15. Qd2 d5 16. Ng5 Nd8 17. Rac1 Rc8 18. Rfe1 h6 19. Nf3 Qd6 20. g3 Nc6 21. Bd3 Rf6 22. Ne5 d4 23. cxd4 Qxd4 24. Re4 Qd8 25. Nxc6 Rxc6 26. Rxc6 bxc6 27. Qe3 g5 28. fxg5 hxg5 29. Qxg5 Qxd3 30. Qe5 Qd1+ 31. Re1 Qf3 32. Qb8+ Kf7 33. Qxa7 Qc3 34. Qe3 Qxe3 35. Rxe3 Rf5 36. Kf1 Rc5 37. Re2 Rc1+ 38. Kg2 Bd4 39. h4 c5 40. g4 Rc3 41. Re4 e5 42. Re2 e6 43. f3 c4 44. bxc4 Rxc4 45. Kg3 Rc1 46. h5 Kf6 47. Kh4 Rh1+ 48. Kg3 Rf1 49. Kg2 Rg1+ 50. Kh3 Rh1+ 51. Kg2 Rg1+ 52. Kh3 Rh1+ 53. Kg2 Rg1+ 1/2-1/2

[Event "4NCL Online Division 3"]
[Site "online"]
[Date "2021.04.06"]
[EventDate "2021.04.06"]
[Round "6.72"]
[White "Kammin, Samuel"]
[WhiteElo "1742"]
[WhiteTeam "Guildford Gatekeepers"]
[Black "Naylor, Michael A"]
[BlackElo "1948"]
[BlackTeam "Ashfield Anonymous B"]
[Result "1-0"]
[PlyCount "65"]

1. Nf3 Nf6 2. d4 e6 3. c4 d5 4. g3 Bb4+ 5. Bd2 Be7 6. Bg2 O-O 7. O-O c6 8. Qc2 Nbd7 9. b3 Ne4 10. Rd1 b6 11. Bf4 Ba6 12. Nfd2 Nd6 13. e4 Rc8 14. h4 f5 15. e5 Nf7 16. Nc3 h6 17. Ne2 g5 18. Be3 Kg7 19. Nf3 Rh8 20. Bh3 g4 21. Nf4 Nf8 22. Nh5+ Kg8 23. Bxg4 fxg4 24. Nh2 Bxh4 25. gxh4 Qxh4 26. Nf6+ Kg7 27. Nhxg4 Ng5 28. f4 Nf3+ 29. Kg2 h5 30. Nf2 Qh2+ 31. Kxf3 h4 32. Rg1+ Kf7 33. N6g4 1-0

[Event "4NCL Online Division 3"]
[Site "online"]
[Date "2021.04.06"]
[EventDate "2021.04.06"]
[Round "6.73"]
[White "Combie, Alex B"]
[WhiteElo "1926"]
[WhiteTeam "Ashfield Anonymous B"]
[Black "Merriman, Rob"]
[BlackElo "1761"]
[BlackTeam "Guildford Gatekeepers"]
[Result "1/2-1/2"]
[PlyCount "93"]

1. d4 e6 2. c4 Nf6 3. g3 c5 4. d5 exd5 5. cxd5 d6 6. Nc3 g6 7. Bg2 Bg7 8. Nf3 O-O 9. O-O a6 10. a4 Re8 11. a5 Nbd7 12. Nd2 b5 13. axb6 Nxb6 14. Qc2 Ng4 15. e4 f5 16. h3 Ne5 17. b3 fxe4 18. Ndxe4 Bb7 19. Bg5 Qd7 20. Nf6+ Bxf6 21. Bxf6 Qf7 22. Ne4 Bxd5 23. Bxe5 Rxe5 24. Nxd6 Qe6 25. Nc4 Nxc4 26. bxc4 Bxg2 27. Kxg2 Re2 28. Qd3 Qe4+ 29. Qxe4 Rxe4 30. Ra4 Kf7 31. Rfa1 h5 32. Rxa6 Rxa6 33. Rxa6 Rxc4 34. f4 Rc3 35. g4 hxg4 36. hxg4 c4 37. f5 gxf5 38. gxf5 Rc1 39. Rc6 c3 40. Kh2 c2 41. Kg2 Ke7 42. f6+ Kf7 43. Kh2 Rf1 44. Rxc2 Rxf6 45. Kg2 Kg6 46. Rf2 Rxf2+ 47. Kxf2 1/2-1/2

[Event "4NCL Online Division 3"]
[Site "online"]
[Date "2021.04.06"]
[EventDate "2021.04.06"]
[Round "6.74"]
[White "Tarling, Adam"]
[WhiteElo "1670"]
[WhiteTeam "Guildford Gatekeepers"]
[Black "Sudar, Dragoljub"]
[BlackElo "1920"]
[BlackTeam "Ashfield Anonymous B"]
[Result "1-0"]
[PlyCount "85"]

1. e4 e5 2. Nf3 Nc6 3. d4 exd4 4. Nxd4 Bc5 5. Be3 Qf6 6. c3 Nge7 7. Bc4 O-O 8. O-O Ne5 9. Be2 Bb6 10. Na3 a6 11. Nac2 d5 12. f4 N5c6 13. e5 Qh6 14. f5 g5 15. Nxc6 Bxe3+ 16. Nxe3 bxc6 17. Bg4 f6 18. e6 Bb7 19. Rf3 Rfd8 20. Rh3 Qf8 21. Bh5 c5 22. Bf7+ Kh8 23. Qh5 Qg7 24. Ng4 Nxf5 25. Nxf6 Nh6 26. Qxh6 Qxh6 27. Rxh6 Kg7 28. Ng4 Rf8 29. Rh5 Rxf7 30. exf7 Kg6 31. Rh6+ Kg7 32. Rf1 Rf8 33. Rhf6 Bc8 34. Ne5 h6 35. Rg6+ Kh7 36. Rg8 Rxg8 37. fxg8=Q+ Kxg8 38. Nc6 Kg7 39. g3 Bd7 40. Ne5 Be6 41. h4 g4 42. h5 a5 43. Rf4 1-0

[Event "4NCL Online Division 3"]
[Site "online"]
[Date "2021.04.06"]
[EventDate "2021.04.06"]
[Round "6.81"]
[White "Arora, Tashika"]
[WhiteElo "1885"]
[WhiteTeam "Oxford 3"]
[Black "Shrestha, Unnabh"]
[BlackElo "1454"]
[BlackTeam "East Kilbride Strollers"]
[Result "1-0"]
[PlyCount "77"]

1. d4 Nf6 2. c4 e6 3. g3 Be7 4. Bg2 O-O 5. Nf3 Nc6 6. O-O h6 7. Nc3 d5 8. cxd5 exd5 9. Bf4 Be6 10. Rc1 a6 11. Qb3 Rb8 12. Rfd1 Bd6 13. Be5 Qe7 14. e3 Ne4 15. Bxd6 Qxd6 16. Ne1 Nxc3 17. Qxc3 Bg4 18. Rd2 Rfe8 19. Nd3 Rbc8 20. Nc5 Rb8 21. Nxb7 Rxb7 22. Qxc6 Qxc6 23. Rxc6 Reb8 24. b3 Be6 25. Rxa6 Rb6 26. Rxb6 Rxb6 27. Rc2 c6 28. Rc3 Ra6 29. a4 Kf8 30. Bf1 Rb6 31. a5 Rb7 32. a6 Ra7 33. Rxc6 Bc8 34. Rxc8+ Ke7 35. b4 Kd7 36. Rc5 Kd6 37. b5 Ra8 38. b6 Rb8 39. b7 1-0

[Event "4NCL Online Division 3"]
[Site "online"]
[Date "2021.04.06"]
[EventDate "2021.04.06"]
[Round "6.82"]
[White "Peakman, Jonlee"]
[WhiteElo "1261"]
[WhiteTeam "East Kilbride Strollers"]
[Black "Zakarian, Dimitrios Levon"]
[BlackElo "1882"]
[BlackTeam "Oxford 3"]
[Result "0-1"]
[PlyCount "88"]

1. d4 Nf6 2. c4 e6 3. Nc3 Bb4 4. Bf4 O-O 5. e3 b6 6. Nf3 Bb7 7. Bd3 Ne4 8. Qc2 f5 9. O-O Bxc3 10. bxc3 d6 11. h3 Nd7 12. Bh2 Qe7 13. a4 a5 14. Nd2 Nxd2 15. Qxd2 Rae8 16. Rad1 Qg5 17. f3 Bc6 18. Ra1 e5 19. c5 exd4 20. cxd4 bxc5 21. Bf4 Qf6 22. dxc5 Nxc5 23. Bc4+ Kh8 24. Qxa5 Qe7 25. Rfe1 Ra8 26. Qb4 Rxa4 27. Rxa4 Nxa4 28. Bb5 Bxb5 29. Qxb5 Nc5 30. Bg3 h6 31. Bf2 Qd7 32. Qxd7 Nxd7 33. e4 fxe4 34. Rxe4 Ne5 35. Bd4 Nc6 36. Bc3 Rf7 37. Kf2 Kh7 38. g4 Re7 39. Rxe7 Nxe7 40. Ke3 Nd5+ 41. Kd3 Nxc3 42. Kxc3 g5 43. Kd4 Kg6 44. Kd5 c5 0-1

[Event "4NCL Online Division 3"]
[Site "online"]
[Date "2021.04.06"]
[EventDate "2021.04.06"]
[Round "6.83"]
[White "Finn, Chris"]
[WhiteElo "1889"]
[WhiteTeam "Oxford 3"]
[Black "Shrestha, Deepesh"]
[BlackElo "1242"]
[BlackTeam "East Kilbride Strollers"]
[Result "1-0"]
[PlyCount "45"]

1. d4 Nf6 2. Nf3 c5 3. e3 cxd4 4. exd4 d5 5. Bg5 e6 6. c3 Nbd7 7. Bd3 Bd6 8. Nbd2 a6 9. O-O O-O 10. Re1 Qc7 11. Qe2 b6 12. Ne5 Bb7 13. f4 h6 14. Bh4 b5 15. g4 b4 16. Rac1 Qa5 17. g5 hxg5 18. fxg5 Ne8 19. Nxd7 bxc3 20. bxc3 Nc7 21. Qh5 g6 22. Nf6+ Kg7 23. Qh7# 1-0

[Event "4NCL Online Division 3"]
[Site "online"]
[Date "2021.04.06"]
[EventDate "2021.04.06"]
[Round "6.84"]
[White "Tandon, Ashley"]
[WhiteElo "911"]
[WhiteTeam "East Kilbride Strollers"]
[Black "Staples, Neil"]
[BlackElo "1831"]
[BlackTeam "Oxford 3"]
[Result "1/2-1/2"]
[PlyCount "111"]

1. d4 c5 2. d5 g6 3. e4 Bg7 4. Nc3 d6 5. Bb5+ Nd7 6. a4 Nf6 7. Nf3 O-O 8. h3 a6 9. Be2 Qa5 10. Bd2 Qc7 11. O-O b6 12. Bf4 Bb7 13. Re1 Rfe8 14. Bh2 Ne5 15. Nxe5 dxe5 16. Qd2 Red8 17. f4 Bh6 18. Rf1 exf4 19. Bxf4 Bxf4 20. Rxf4 Qe5 21. Bd3 b5 22. axb5 axb5 23. Rxa8 Rxa8 24. Bxb5 Ra1+ 25. Rf1 Rxf1+ 26. Kxf1 Nxe4 27. Nxe4 Qxe4 28. Bc6 Bxc6 29. dxc6 Qxc6 30. Qd8+ Kg7 31. Qxe7 Qb5+ 32. Kg1 c4 33. Qe4 Qb6+ 34. Kh1 Qxb2 35. Qxc4 Qa1+ 36. Kh2 Qe5+ 37. Kg1 h5 38. c3 Qe1+ 39. Kh2 Qe3 40. Qd4+ Qxd4 41. cxd4 Kf6 42. Kg3 Kf5 43. Kf3 Ke6 44. Ke4 Kd6 45. g4 hxg4 46. hxg4 f6 47. Kf4 Kd5 48. Ke3 Kd6 49. Ke4 Ke6 50. d5+ Kd6 51. Kd4 f5 52. gxf5 gxf5 53. Kc4 f4 54. Kd4 f3 55. Ke3 Kxd5 56. Kxf3 1/2-1/2

[Event "4NCL Online Division 3"]
[Site "online"]
[Date "2021.04.06"]
[EventDate "2021.04.06"]
[Round "6.91"]
[White "Brown, Alan M"]
[WhiteElo "2039"]
[WhiteTeam "MK Phoenix 2"]
[Black "Shepherd, Tom"]
[BlackElo "2018"]
[BlackTeam "MCS Oxford A"]
[Result "1-0"]
[PlyCount "41"]

1. d4 d5 2. c4 e6 3. Nf3 Nf6 4. Bg5 Be7 5. e3 O-O 6. Nc3 Nbd7 7. Rc1 h6 8. Bh4 c5 9. cxd5 Nxd5 10. Bxe7 Nxe7 11. Bd3 b6 12. O-O Bb7 13. Be4 Rb8 14. Bxb7 Rxb7 15. Ne4 cxd4 16. Qxd4 Nf5 17. Qd2 Rc7 18. Rfd1 Rxc1 19. Qxc1 Qc8 20. Qxc8 Rxc8 21. g4 1-0

[Event "4NCL Online Division 3"]
[Site "online"]
[Date "2021.04.06"]
[EventDate "2021.04.06"]
[Round "6.92"]
[White "Place, John F"]
[WhiteElo "1815"]
[WhiteTeam "MCS Oxford A"]
[Black "Cox, Toby"]
[BlackElo "1995"]
[BlackTeam "MK Phoenix 2"]
[Result "0-1"]
[PlyCount "106"]

1. e4 e6 2. d4 d5 3. exd5 exd5 4. Bd3 Nf6 5. Nf3 Bd6 6. Bg5 O-O 7. O-O Bg4 8. h3 Bh5 9. Nbd2 c6 10. c3 Nbd7 11. Qc2 Qc7 12. Rfe1 Rae8 13. b3 Bg6 14. Bxg6 hxg6 15. c4 Bf4 16. Bxf4 Qxf4 17. g3 Qf5 18. Qxf5 gxf5 19. Ne5 Re7 20. Nxd7 Rxd7 21. c5 Ne4 22. Nxe4 dxe4 23. Rad1 Rfd8 24. f3 Rxd4 25. Rxd4 Rxd4 26. Kf2 Rd2+ 27. Re2 Rxe2+ 28. Kxe2 Kf8 29. Ke3 exf3 30. Kxf3 Ke7 31. Kf4 Ke6 32. b4 f6 33. h4 g6 34. a3 Kf7 35. h5 gxh5 36. Kxf5 Kg7 37. a4 a6 38. Ke6 Kg6 39. Kd7 f5 40. Kc7 h4 41. gxh4 f4 42. Kxb7 f3 43. Kxc6 f2 44. Kb7 f1=Q 45. c6 Qc4 46. c7 Qxb4+ 47. Kxa6 Qxa4+ 48. Kb7 Qb5+ 49. Ka7 Qc6 50. Kb8 Qb6+ 51. Kc8 Kf7 52. h5 Ke7 53. h6 Kd6 0-1